000 00481ntaaa2200181 4500
003 01
005 20251027202538.0
008 0714s1973 ag 01
040 _aAR-BaBN
_bspa
_cAR-BaBN
_eaacr
_dRIC
082 _a981.0000 W25
100 _aWarren, John Esaias
_924456
245 _aPara, or Scenes and Adventures on the Banks of the Amazon
250 _a1 ed.
260 _as.l. :
_bG.P. Putnam,
_cc1851
300 _a271 p.
650 _aBrasil-Descripción
_924457
942 _cBK
999 _c20470
_d20470